000 00645nam a2200181Ia 4500
008 090123s9999 xx 000 0 und d
082 _b21346
100 _aटिळक इंदू
245 _aलोकमान्य टिळकांच्या आठवणी
250 _a1
260 _bकेसरी मुद्रणालय
_c1992
300 _a523
600 _aटिळक इंदू
630 _aलोकमान्य टिळकांच्या आठवणी
700 _aटिळक इंदू
730 _aलोकमान्य टिळकांच्या आठवणी
942 _cBOOK
999 _c59417
_d59417